Bezirke Österreichs mit den niedrigsten Schnitzelpreisen - Statistiken

Allgemein
  • Dieses Quiz wurde 28 mal gespielt
  • Das Durchschnittsergebnis liegt bei 9 aus 16
Antwortstatistiken
Preis Bezirk % Korrekt
9.20 Eisenstadt
73%
10.65 Graz-Umgebung
65%
8.85 Jennersdorf
65%
10.00 Gmünd
62%
9.40 Güssing
62%
10.35 Hollabrunn
62%
10.40 Oberwart
62%
10.35 Lilienfeld
58%
9.90 Waidhofen an der Thaya
58%
9.90 Waidhofen an der Ybbs
58%
10.50 Wiener Neustadt-Land
58%
10.10 Rust
54%
10.55 Deutschlandsberg
42%
10.50 Neunkirchen
42%
10.50 Kirchdorf an der Krems
38%
9.90 Weiz
38%
Keine übereinstimmenden Quizze gefunden
Verteilung der Resultate
Anzahl Personen mit jedem Resultat
Perzentil nach korrekt beantworteten Fragen
Ihre Resultats-Entwicklung
Sie haben dieses Quiz noch nicht gespielt